| 000 | 01398nam a2200337 a 4500 | ||
|---|---|---|---|
| 001 | 000008994 | ||
| 003 | DO-SdBNP | ||
| 005 | 20210416122055.0 | ||
| 008 | 090922s1984 dr 000 p spa d | ||
| 040 |
_aDO-SdBNP _bspa _cBPMSU |
||
| 049 | _a | ||
| 082 |
_aRD861.09 _bC659e, 1984 _222 |
||
| 092 |
_a _b |
||
| 100 | 1 |
_aCocco-Defilippis, Daisy, _d1949- |
|
| 245 | 1 | 0 |
_aEstudios semióticos de poesía dominicana / _cDaisy Cocco-Defilippis. |
| 260 |
_aSanto Domingo : _bTaller, _c1984. |
||
| 300 |
_a174 p. ; _c24 cm. |
||
| 490 | 1 |
_aBiblioteca Taller ; _v178 |
|
| 500 | _aIncluye datos biográficos de la autora en la solapa de la cubierta | ||
| 500 | _aIncluye referencias bibliográficas y notas al pie de las páginas | ||
| 504 | _aBibliografía : p. 165-172. | ||
| 505 | _aLa trayectoria de la poesía dominicana del postumismo a la poesía sorprendida -- La poética semiótica -- Postumismo o el nacimiento del signo -- Los independientes o la adolescencia del signo -- La poesía sorprendida o la plenitud del signo. | ||
| 590 | _6Inventariado, 2021/VM | ||
| 650 | 4 |
_aPoesía dominicana _ySiglo XX _xHistoria y crítica |
|
| 650 | 4 |
_aPoetas dominicanos _ySiglo XX _xHistoria y crítica |
|
| 650 | 4 | _aLiteratura dominicana | |
| 650 | 4 | _aSemiótica y literatura | |
| 830 | 0 |
_aBiblioteca Taller ; _n178 |
|
| 910 | _aVMateo/ Validado. Control de calidad BNPHU | ||
| 942 |
_2ddc _cBK |
||
| 999 |
_c13410 _d13410 |
||